Studies in jurisprudence and legal theory / (Record no. 143578)

MARC details
000 -LEADER
fixed length control field 00747nam a22002057a 4500
005 - DATE AND TIME OF LATEST TRANSACTION
control field 20170821102705.0
020 ## - INTERNATIONAL STANDARD BOOK NUMBER
Terms of availability 500.00
International Standard Book Number 9789384852474
035 ## - SYSTEM CONTROL NUMBER
System control number B-667830
037 ## - SOURCE OF ACQUISITION
Stock number DPL
Source of stock number/acquisition RHSP/Ven.
082 ## - DEWEY DECIMAL CLASSIFICATION NUMBER
Classification number 340.1
100 ## - MAIN ENTRY--PERSONAL NAME
Personal name Paranjape, N.V
245 ## - TITLE STATEMENT
Title Studies in jurisprudence and legal theory /
Statement of responsibility, etc by N.V.Paranjape
250 ## - EDITION STATEMENT
Edition statement 87th ed
260 ## - PUBLICATION, DISTRIBUTION, ETC. (IMPRINT)
Place of publication, distribution, etc Allahabad
Name of publisher, distributor, etc Central Law Agency
Date of publication, distribution, etc 2016
270 ## - ADDRESS
Address 30-D/1, Motilal Nehru Road,
City Allahabad
300 ## - PHYSICAL DESCRIPTION
Extent xl,640p.
Dimensions 23cm(pbk)
500 ## - GENERAL NOTE
General note Includes index
942 ## - ADDED ENTRY ELEMENTS (KOHA)
Source of classification or shelving scheme Dewey Decimal Classification
Item type English Books
Classification part 340.1
Call number suffix PAR
Holdings
Withdrawn status Lost status Not for loan Collection code Home library Current library Date acquired Source of acquisition Cost, normal purchase price Full call number Barcode Copy number Cost, replacement price Koha item type
      Non-fiction Ashok Vihar Ashok Vihar 21/08/2017 BPPD/EN/2015-16/AV/2016-17/406/15.2.2017/1802/17/2.3.2017/ 18.3.2017 500.00 340.1 PAR B-667830 1 500.00 English Books

© Delhi Public Library
Hit Counter
free hit counter